| 000 | 01935nam a2200553 i 4500 | ||
|---|---|---|---|
| 001 | 51973 | ||
| 003 | KOSZ 005 | ||
| 005 | 20220316082914.0 | ||
| 008 | 060522s2006 pl a |001 0 pol | ||
| 015 | _aUWD 2006/10765 | ||
| 020 | _a8360174180 | ||
| 035 | _a991030461899705066 | ||
| 035 | _a(PL-WaBN)b18210417-48omnis_nlop | ||
| 035 | _ab18210417 | ||
| 035 | _a(OCoLC)749974151 | ||
| 035 | _azz2006780558 | ||
| 035 | _a(PL)b0000001821041 | ||
| 035 | _a(EXLNZ-48OMNIS_NETWORK)9910277958805606 | ||
| 040 |
_aWA N _cWA N _dKOSZ 005/HR |
||
| 041 | 1 |
_apol _heng |
|
| 046 | _k2006 | ||
| 080 | _a913(458.2) | ||
| 080 | _a(036) | ||
| 245 | 0 | 0 |
_aMalta / _c[project ed. Poul[!] Murphy ; przygot. ed. pol. Bogdan Rudnicki ; tł. A. Wolski, S. Wolska]. |
| 260 |
_aWarszawa : _bMediaprofit, _c2006. |
||
| 300 |
_a303, [1] s. : _bil. (gł. kolor.) ; _c23 cm. |
||
| 336 |
_aTekst _btxt _2rdacontent |
||
| 337 |
_aBez urządzenia pośredniczącego _bn _2rdamedia |
||
| 338 |
_aWolumin _bnc _2rdacarrier |
||
| 380 | _aKsiążki | ||
| 380 | _aPoradniki i przewodniki | ||
| 388 | _a2001- | ||
| 490 | 1 |
_aBiblioteka Gazety Wyborczej. Podróże Marzeń ; _v18 |
|
| 500 | _aTyt. oryg.: Malta, 2004. Właściwa nazwa red. wersji ang.: Paul Murphy. | ||
| 504 | _aIndeks. | ||
| 650 | 7 | _aTurystyka | |
| 651 | 7 |
_aMalta _2DBN |
|
| 655 | 7 |
_aPrzewodnik turystyczny _2DBN |
|
| 658 | _aPodróże i turystyka | ||
| 700 | 1 |
_aMurphy, Paul _d(1956- ) _eRedakcja |
|
| 700 | 1 |
_aRudnicki, Bogdan _eOpracowanie |
|
| 700 | 1 |
_aWolska, Sabina _eTłumaczenie |
|
| 700 | 1 |
_aWolski, Andrzej _c(tłumacz) _eTłumaczenie |
|
| 710 | 2 |
_aMediaprofit _4pbl |
|
| 830 | 0 |
_aBiblioteka Gazety Wyborczej. _pPodróże Marzeń _v18 |
|
| 856 |
_uhttp://koha.tu.koszalin.pl/cgi-bin/koha/opac-detail.pl?biblionumber=51673 _yKatalog online BPK |
||
| 942 |
_2UKD _cKS |
||
| 999 |
_c51673 _d51673 |
||